000
00209 a2200097 4500
001
72785
090
_c
38848
_d
38848
100
_a
Clark.J.A
245
_a
Islam, Charity and activism
260
_b
Indiana university press
942
_a
NUST-CAE
999
_c
307858
_d
307858